Policy Statement (Record no. 109812)

MARC details
000 -LEADER
fixed length control field 01190cad a22002415a 4500
001 - CONTROL NUMBER
control field L147952
008 - FIXED-LENGTH DATA ELEMENTS--GENERAL INFORMATION
fixed length control field 080804s20090301xxkd f f000 0 eng d
035 ## - SYSTEM CONTROL NUMBER
System control number (Sirsi) u147952
041 0# - LANGUAGE CODE
Language code of text/sound track or separate title eng
050 04 - LIBRARY OF CONGRESS CALL NUMBER
Classification number 627.4 $2 18
110 2# - MAIN ENTRY--CORPORATE NAME
Corporate name or jurisdiction name as entry element United Kingdom
Subordinate unit Department for Environment, Food and Rural Affairs
245 00 - TITLE STATEMENT
Title Policy Statement
Remainder of title appraisal of flood and coastal erosion risk management
Medium [electronic resource]
260 ## - PUBLICATION, DISTRIBUTION, ETC.
Place of publication, distribution, etc. London
Name of publisher, distributor, etc. DEFRA
Date of publication, distribution, etc. 2009
520 ## - SUMMARY, ETC.
Summary, etc. Contains guidance for operating authorities and others involved in managing flood and coastal erosion risk. The intended benefits of the new policy statement include a greater focus on early engagement with the community and social factors; including better assessment of impacts on health, community well-being and social justice.
521 ## - TARGET AUDIENCE NOTE
Target audience note Advanced
590 ## - LOCAL NOTE (RLIN)
Local note KA
650 24 - SUBJECT ADDED ENTRY--TOPICAL TERM
Topical term or geographic name entry element FLOODS
650 24 - SUBJECT ADDED ENTRY--TOPICAL TERM
Topical term or geographic name entry element NATIONAL ASSESSEMENT OF FLOOD RISK
651 #4 - SUBJECT ADDED ENTRY--GEOGRAPHIC NAME
Geographic name England and Wales
Chronological subdivision 1543-
690 ## - LOCAL SUBJECT ADDED ENTRY--TOPICAL TERM (OCLC, RLIN)
Topical term or geographic name as entry element ENVIRONMENTAL AND LAND CONSULTANCY-WATER RESOURCE MANAGEMENT-FLOODING
856 40 - ELECTRONIC LOCATION AND ACCESS
Uniform Resource Identifier <a href="https://www.defra.gov.uk/environ/fcd/guidance/pagn/default.htm">https://www.defra.gov.uk/environ/fcd/guidance/pagn/default.htm</a>
Public note View the consultation free of charge at www.lga.gov.uk...
942 ## - ADDED ENTRY ELEMENTS (KOHA)
Suppress in OPAC 0
Holdings
Withdrawn status Lost status Source of classification or shelving scheme Damaged status Not for loan Home library Current library Shelving location Date acquired Total Checkouts Full call number Barcode Date last seen Copy number Price effective from Koha item type
    Dewey Decimal Classification     Virtual Virtual Online 03/07/2009   ONLINE PUBLICATION L147952 06/08/2019 1 06/08/2019 Book